| 000 | 00511cam a2200205ua 4500 | ||
|---|---|---|---|
| 001 | 418 | ||
| 005 | 20260515113149.0 | ||
| 008 | 110331n ii |||gr||||Z||||||eng | ||
| 020 | _a81-259-0005-5 | ||
| 040 | _cMAIN | ||
| 082 | _a327.11 | ||
| 245 | 1 |
_aTheory of international politics _cby Vandana, A. |
|
| 250 | _a1st. | ||
| 260 |
_aDelhi: _bVikas,996. |
||
| 300 | _ax, 313p.:5cm. | ||
| 653 | _aPolitical science | ||
| 653 | _aTheory of international politics | ||
| 700 |
_aA. Vandana, _eAuthor. |
||
| 942 | _cBK | ||
| 999 |
_c363 _d363 |
||